[Event "Moron Faogba op"]
[Site "Moron"]
[Date "2018.03.13"]
[Round "6"]
[White "Leikin, Mario Alejandro"]
[Black "Garcia Lemos, Federico"]
[Result "0-1"]
[WhiteElo "1519"]
[BlackElo "2204"]
[PlyCount "74"]
[EventDate "2018.03.03"]
[EventType "swiss"]
[EventRounds "7"]
[EventCountry "ARG"]
[SourceTitle "CBM 183 Extra"]
[Source "ChessBase"]
[SourceDate "2018.04.19"]
[SourceVersion "1"]
[SourceVersionDate "2018.04.19"]
[SourceQuality "1"]

1. d4 Nf6 2. c4 e6 3. Nc3 Bb4 4. Qc2 0-0 5. Bg5 c5 6. e3 h6 7. Bh4 cxd4 8. exd4 Nc6 9. Nf3 d5 10. a3 Be7 11. Rd1 Re8 12. Be2 dxc4 13. Bxc4 b6 14. 0-0 Bb7 15. d5 Nxd5 16. Nxd5 Bxh4 17. Ne3 Qf6 18. Qe4 Bg5 19. Bd3 g6 20. h4 Bxe3 21. Qxe3 Kg7 22. h5 Ne7 23. hxg6 Nxg6 24. Be2 Red8 25. b4 Bd5 26. Rc1 Rac8 27. a4 Nf4 28. Ba6 Rxc1 29. Rxc1 Bxf3 30. Qxf3 Rd4 31. Bc4 Qg5 32. Rc2 h5 33. Bf1 Nd5 34. a5 Rxb4 35. axb6 axb6 36. Rc8 Qg4 37. Qd3 Qf4 0-1